Image technology : state of the art
Αποθηκεύτηκε σε:
| Κύριος συγγραφέας: | |
|---|---|
| Συγγραφή απο Οργανισμό/Αρχή: | |
| Μορφή: | Βιβλίο |
| Γλώσσα: | English |
| Δημοσίευση: |
Charleston, S.C., U.S.A. :
Computer Technology Research Corp.,
1992
|
| Θέματα: | |
| Ετικέτες: |
Προσθήκη ετικέτας
Δεν υπάρχουν, Καταχωρήστε ετικέτα πρώτοι!
|
MARC
| LEADER | 00000cam a2200000 i 4500 | ||
|---|---|---|---|
| 001 | 1/32627 | ||
| 008 | 950731s1992 eng d | ||
| 020 | |a 0927695685 | ||
| 035 | |l 10023790 | ||
| 040 | |a GR-MY-UA |b gre |e aacr | ||
| 041 | 0 | |a eng | |
| 082 | 0 | |a 338.4700642 | |
| 100 | 1 | |a Dailey, Franklyn E. | |
| 245 | 1 | 0 | |a Image technology : |b state of the art / |c Franklyn E. Dailey, Jr |
| 260 | |a Charleston, S.C., U.S.A. : |b Computer Technology Research Corp., |c 1992 | ||
| 300 | |a iii, 174 p.; |b ill.; |c 28 cm | ||
| 650 | 0 | 0 | |a Image processing equipment industry |z United States. |
| 650 | 0 | 0 | |a Optical storage device industry |z United States. |
| 650 | 0 | 0 | |a Office practice |x Automation. |
| 710 | 1 | |a Computer Technology Research Corp. | |
| 852 | |a INST |b CHIOS |e 19950731 |h 338.4700642 DAI |p 005200004142 |q 005200004142 |t BK |y 0 | ||
| 909 | |a Χ |b 032009 | ||